000 00919cam a2200277Ma 4500
001 243163
003 GBCCL
005 20251128120044.0
008 080502s2008 iluabf b 001 0 eng d
020 _a9781433502415 (hardcover : alk. paper)
020 _a1433502410 (hardcover : alk. paper)
035 _a(OCoLC)ocn456768564
035 _a(OCoLC)456768564
040 _aCFT
_beng
_cCFT
_dRIOSL
_dB@L
_dBDX
_dOCLCQ
082 0 0 _a220.5208
_222
_bBIB
090 _aBS195
_b.E64 2008
245 1 4 _aESV Study Bible. :
_bEnglish Standard Version
260 _aWheaton, Ill. :
_bCrossway Bibles,
_c2008.
300 _a2750 pages, 15 pages of plates :
_billustrations, maps ;
_c25 cm
336 _atext
_btxt
_2rdacontent
337 _aunmediated
_bn
_2rdamedia
338 _avolume
_bnc
_2rdacarrier
504 _aIncludes bibliographical references and index.
630 0 0 _aBible
_xStudy and teaching.
_9498
942 _2ddc
_cREF
999 _c6834
_d6834